00354 2200145 4500245004300000020001800043250001000061100002200071650001700093005001900110260004300129041001400172084001300186336000900199 aNaruto Vol.36cMasashi KishimotohText a9789792712063 acet 1 aMasashi Kishimoto aKomik Jepang a20240903092303 aJakartabPT Elex Media Komputidoc2007 aIndonesia a741.5592 atext